000 00492nam a2200157 a 4500
005 20140412111310.0
008 030410s19uu xx 00 eng d
020 _a0-590-25109-0
050 _aTR(GS 372.7
_bF853 1996
100 _aFreedman, Suzette D.
245 _a25 activities to connect writing and math /
_cSuzette D. Freedman.
260 _aNew York :
_bScholastic Professional Books,
_c1996.
300 _a56 p. ; ill.
650 _aMathematics--Study and Teaching
999 _c103917
_d103917